اعجاز ے غزل / (Record no. 171620)

MARC details
000 -LEADER
fixed length control field 00631nam a22001937a 4500
005 - DATE AND TIME OF LATEST TRANSACTION
control field 20200116145238.0
010 ## - LCCN (DPL NO)
LC control number B-208862
020 ## - INTERNATIONAL STANDARD BOOK NUMBER
Terms of availability 100.00
International Standard Book Number 8182231949
035 ## - SYSTEM CONTROL NUMBER
System control number B-208862
037 ## - SOURCE OF ACQUISITION
Source of stock number/acquisition DBAD/PUB
082 ## - DEWEY DECIMAL CLASSIFICATION NUMBER
Classification number 841
100 ## - MAIN ENTRY--PERSONAL NAME
Personal name رام تیرتھ جوشی ساقی
245 ## - TITLE STATEMENT
Title اعجاز ے غزل /
Statement of responsibility, etc رام تیرتھ جوشی ساقی
246 ## - VARYING FORM OF TITLE
Title proper/short title Ajaz-E-Ghazal (Urdu) /
Remainder of title by Ram Tirath Joshi Saqi
260 ## - PUBLICATION, DISTRIBUTION, ETC. (IMPRINT)
Place of publication, distribution, etc Delhi
Date of publication, distribution, etc 2006 ء
Name of publisher, distributor, etc Educational Publishing House
270 ## - ADDRESS
Address 3108, Vakil Street, Kucha Pandit, Lal Kuan
City Delhi
Postal code 6
300 ## - PHYSICAL DESCRIPTION
Extent 120p.
Dimensions 22cm(Hb)
942 ## - ADDED ENTRY ELEMENTS (KOHA)
Source of classification or shelving scheme Dewey Decimal Classification
Item type Urdu Bks
Classification part 841
Call number suffix ج و ش
Holdings
Withdrawn status Lost status Not for loan Collection code Home library Current library Date acquired Source of acquisition Cost, normal purchase price Full call number Barcode Copy number Cost, replacement price Koha item type
      Non-fiction Central Library Central Library 16/01/2020 BPPD/Ven. 100.00 841 ج و ش B-208862 1 100.00 Urdu Bks

© Delhi Public Library
Hit Counter
free hit counter